000 00284nam a22001337a 4500
008 171122b xxu||||| |||| 00| 0 eng d
020 _a9780521381345
041 _aeng
080 _a94
100 _a17
101 _aHIS
245 _aMAKING A NEW DEAL
_cCOHEN,L
942 _2udc
_cBK
999 _c38302
_d38302